000
00282nam a22001217a 4500
008
140219t xxu||||| |||| 00| 0 eng d
020
_a
0-19-568523-7
100
_a
Peter atkins
_9
764
240
_a
Shriver & atkins
245
_a
Inorganic Chemistry
300
_a
822
942
_2
ddc
_c
BK
999
_c
17021
_d
17021